Wykonawcy Disco Polo - Statystyki

Ogólne statystyki
  • Ten quiz został rozwiązany 217 razy
  • Średni wynik to 22 z 145
Statystyki odpowiedzi
Odpowiedź Hint % Poprawnych
Akcent 0
93%
Boys 0
91%
Weekend 0
70%
Piękni i Młodzi 0
64%
Mig 0
63%
Czadoman 0
59%
Classic 0
57%
Bayer Full 0
56%
After Party 0
55%
Defis 0
55%
Milano 0
55%
Miły Pan 0
53%
Top Girls 0
53%
Playboys 0
52%
Camasutra 0
47%
Skolim 0
45%
Extazy 0
43%
Łobuzy 0
43%
Masters 0
43%
Power Play 0
43%
Topky 0
41%
Bayera 0
38%
Skaner 0
37%
Shazza 0
36%
Top One 0
33%
Jorrgus 0
32%
Long&Junior 0
32%
Mejk 0
30%
DiscoBoys 0
28%
Andre 0
25%
Cliver 0
25%
Exaited 0
25%
Effect 0
22%
Etna 0
22%
Toples 0
22%
Bobi 0
20%
Fanatic 0
20%
D-Bomb 0
18%
Power Boy 0
18%
Szpilki 0
18%
Vivat 0
18%
Joker 0
17%
Tarzan Boy 0
17%
Kordian 0
16%
LoverBoy 0
16%
Shantel 0
16%
Skalar 0
15%
Diadem 0
14%
Maxel 0
14%
Menelaos 0
13%
Spontan 0
13%
Dennis 0
11%
Gesek 0
11%
Imperium 0
11%
Lider 0
11%
Mega Dance 0
11%
News 0
11%
Tomasz Niecik 0
11%
Voyager 0
11%
Luka Rosi 0
10%
Marcin Siegieńczuk 0
9%
Mister Dex 0
9%
Stachursky 0
9%
Veegas 0
9%
Impuls 0
8%
B-QLL 0
7%
Domino 0
7%
Enjoy 0
7%
Focus 0
7%
Lili 0
7%
Megustar 0
7%
Quest 0
7%
Solaris 0
7%
Adam Chrola 0
6%
Exel 0
6%
Toledo 0
6%
4Ever 0
5%
Baby Full 0
5%
Bajorek 0
5%
Boyfriend 0
5%
Diley 0
5%
Ivan 0
5%
Jagoda 0
5%
Łukash 0
5%
Maxx Dance 0
5%
Megam 0
5%
Mirage 0
5%
Pudzian Band 0
5%
Red Queen 0
5%
Jesika 0
4%
Maciej Smoliński 0
4%
Magda Niewińska 0
4%
Redox 0
4%
Rompey 0
4%
Alan 0
3%
Arek Kopaczewski 0
3%
Delfin 0
3%
Drossel 0
3%
Exelent 0
3%
Faster 0
3%
Fisher 0
3%
Lider Dance 0
3%
Mamzel 0
3%
Marcus 0
3%
Skalar US 0
3%
Vexel 0
3%
Viper 0
3%
Casandra 0
2%
Casanova 0
2%
Chanel 0
2%
Jago Young 0
2%
Okej 0
2%
Servis 0
2%
Spike 0
2%
Akces 0
1%
Baflo 0
1%
Best 0
1%
Claudi 0
1%
Crump 0
1%
Fortex 0
1%
Itex 0
1%
Just 5 0
1%
Martin 0
1%
Mavers 0
1%
Medium 0
1%
Rajmund 0
1%
Red Star 0
1%
Sebii 0
1%
Sonar 0
1%
Stereo 0
1%
Swing3r 0
1%
Zero 0
1%
Alfa Boys 0
0%
Blue Box 0
0%
DJ Mietek 0
0%
InstaBoy 0
0%
Jobery 0
0%
Kamida 0
0%
Proxy 0
0%
Selekt 0
0%
Server 0
0%
Setus 0
0%
Wiszu 0
0%
X-Trans 0
0%
Nie znaleziono quizów pasujących do podanych kryteriów
Rozkład punktacji
Procent ludzi z każdym wynikiem
Percentyl według liczby udzielonych odpowiedzi
Twoja historia wyników
Nie rozwiązałeś tego quizu